| 000 | 00444cam a22001451 4500 | ||
|---|---|---|---|
| 082 |
_a941.5 _bWAL |
||
| 100 | 1 |
_aWaller, Bolton C. _950673 |
|
| 245 | 1 | 0 |
_aHibernia; _bor, The future of Ireland, _cby Bolton C. Waller. |
| 260 |
_aLondon, _bK. Paul, Trench, Trubner; _aNew York, _bDutton _c[1928] |
||
| 300 |
_a96 p. _c17 cm. |
||
| 490 | 0 | _aTo-day and to-morrow | |
| 526 |
_a0 _b0 _c0 _d941_500000000000000_WAL |
||
| 650 |
_aMCE _9379 |
||
| 942 |
_2ddc _cBK |
||
| 999 |
_c553430 _d553430 |
||